LEADER 01708nam a2200385 a 4500 001 000000131454 003 CaOOAMICUS 005 20121120150718.0 008 121120s2008 it u000 u ita r 020 $a88-14-13628-9 (v. 1) 020 $a88-14-13629-7 (v. 2) 040 $aPUL$bita 082 04$a346.45 100 1 $aLa Torre, Antonio.$0(OLS)http://pul/name/84553 245 10$aCinquant'anni col diritto :$b(saggi) /$cAntonio La Torre. 260 $aMilano :$bGiuffrè,$c©2008. 300 $a2 v. ;$c25 cm. 500 $aInclude indici. 504 $aBibliografia in nota. 505 0 $aV. 1. Diritto civile. -- v. 2. Diritto delle assicurazioni. 650 4$aDiritto civile$zItalia$ySec. XX.$0(OLS)http://pul/subject/39145 740 02$aDiritto civile. 740 02$aDiritto delle assicurazioni. 850 $aPUL 852 $aPUL$W1$xSL Diritto e Scienze Sociali 3$y79$m346. 45 LATAN 1.1$j151732$av. 1$qDDC 21$B150658$CPULBib$Z2$F150658 $H121114 $82 852 $aPUL$W1$xSL Diritto e Scienze Sociali 3$y79$m346. 45 LATAN 1.2$j151733$av. 2$qDDC 21$B150659$CPULBib$Z2$F150659 $H121115 $82 941 1 $a9 996 $6020$a88-14-13628-9 (v. 1)$9(OLS)http://pul/number/151100 996 $6020$a88-14-13629-7 (v. 2)$9(OLS)http://pul/number/151101 996 $6082$a346.45$9(OLS)http://pul/classification/372 996 $6740$aDiritto delle assicurazioni$9(OLS)http://pul/title/166057 996 $6245$aCinquant'anni col diritto :$b(saggi)$9(OLS)http://pul/title/166055 996 $6740$aDiritto civile$9(OLS)http://pul/title/166056 996 $6260$aMilano :$bGiuffrè$9(OLS)http://pul/publisher/48401 LEADER 02041namaa2200397 i 4500 001 000000178629 003 CaOOAMICUS 005 20260327124529.0 007 tu 008 260327s2023 it h 000 udita r 020 $a979-12-5469-326-1* 040 $aPUL$bita$erda 082 0 $a282.092 245 13$aIl magistero di Giovanni Paolo I :$buno studio storico e teologico attraverso le carte d'archivio /$ca cura di Stefania Falasca e Flavia Tudini . 250 $aPrima edizione aprile 2023 264 4$c©2023. 264 1$aRoma :$bViella,$c[2023] 300 $a178 pagine :$bfacsmili ;$c21 cm 336 $atesto$btxt$2rdacontent 337 $asenza mediazione$bn$2rdamedia 338 $avolume$bnc$2rdacarrier 500 $aIl volume è frutto della prima giornata di studi dedicata al Magistero di Giovanni Paolo I sulla base dell?acquisizione delle fonti promossa dalla Fondazione Vaticana Giovanni Paolo I in collaborazione con il Dipartimento di Teologia dogmatica della Pontificia Università Gregoriana. 504 $aBibliografia in nota a piè pagina. 600 04$aIohannes Paulus PP.$bI,$d1912-1978$xBiografia.$0(OLS)http://pul/subject/24386 700 1 $aFalasca, Stefania,$d1963-,$ecuratore.$0(OLS)http://pul/name/98511 700 1 $aTudini, Flavia,$d1990-,$ecuratore.$0(OLS)http://pul/name/114950 710 0 $aFondazione vaticana Giovanni Paolo I$esponsor.$0(OLS)http://pul/name/114951 850 $aPUL 852 $aPUL$W1$xSL Religione 3$y85$m282. 092 FVGPI 1$j202401$qDDC 21$B207781$CPULBib$Z2$F207781 $H138502 $82 941 1 $a9 996 $6020$a979-12-5469-326-1*$9(OLS)http://pul/number/170909 996 $6082$a282.092$9(OLS)http://pul/classification/402 996 $6245$aIl magistero di Giovanni Paolo I :$buno studio storico e teologico attraverso le carte d'archivio$9(OLS)http://pul/title/220212 996 $6264$aRoma :$bViella$9(OLS)http://pul/publisher/54599 996 $6264$a[S.l.] :$b[s.n.]$9(OLS)http://pul/publisher/0